| 000 | 01237nam a2200229Ia 4500 | ||
|---|---|---|---|
| 001 | L240-11937 | ||
| 003 | IT-CnALBA | ||
| 008 | 170116s9999||||xx |||||||||||||| ||und|| | ||
| 040 |
_aIT-CnALBA _cIT-CnALBA |
||
| 041 | _aITALIANO | ||
| 100 | _aGARNIER ANDREA | ||
| 245 | 0 | _aVITA SPIRITUALE NEL PENSIERO DEI PADRI. | |
| 250 | _a1a ed. | ||
| 260 |
_aCINISELLO BALSAMO (MI) _bEDIZIONI PAOLINE _c1954 [1° Ed.:1954 - Ed.Ling.Originale: 1954] |
||
| 300 | _a230 p. (prefazione: 5) | ||
| 500 | _aIDEALI. IDEALE CRISTIANO. SANTITÀ. GESÙ CRISTO. INCORPORAZIONE. CROCIFISSIONE. PRIMATO DELLO SPIRITO. VOLONTÀ DI DIO. CHIESA. PAPA. MESSA. COMUNIONE. PREGHIERA. LITURGIA. CONFESSIONE. DOVERI DEL PROPRIO STATO. AMICIZIA. LETTURE. AGIOGRAFIA. RITIRO. DESIDE | ||
| 501 | _aSocietà San Paolo EM - Piazza San Paolo, 14 - 12051 ALBA (CN) (non commercial uses only) ® Copyright 2017 | ||
| 520 | _aIDEALI. IDEALE CRISTIANO. SANTITÀ. GESÙ CRISTO. INCORPORAZIONE. CROCIFISSIONE. PRIMATO DELLO SPIRITO. VOLONTÀ DI DIO. CHIESA. PAPA. MESSA. COMUNIONE. PREGHIERA. LITURGIA. CONFESSIONE. DOVERI DEL PROPRIO STATO. AMICIZIA. LETTURE. AGIOGRAFIA. RITIRO. DESIDE | ||
| 650 | _aTEOLOGIA SPIRITUALE CRISTIANA | ||
| 942 | _cBK | ||
| 957 | _71 | ||
| 999 |
_a16690 _bNO _g Copie: 1 _c271114 _d271114 |
||